1804 1081 1572 1679 1774 1886 1853 1244 1956 1416 1680 1857 1000 1046 1546 1300 1870 1708 1940 1309 1103 1535 1785 1335 1040 1515 1991 1771 1087 1359 1646 1983 1039 1957 1076 1692 1461 1135 1005 1986 1222 1765 1872 1204 1352 1593 1222 1513 1265 1241 1736 1522 1159 1442 1128 1209 1929 1564 1510 1760 1331 1860 1928 1816 1843 1535 1990 1775 1714 1314 1645 1192 1498 1374 1524 1870 1485 1409 1102 1606 1282 1523 1196 1421 1516 1752 1258 1735 1699 1764 1242 1078 1362 1140 1713 1409 1886 1267 1230 BCNSPRNW ULIB Ver.6.0+V

เปลี่ยนเป็นภาษาไทย

Change to English
 แสดงรายละเอียดบรรณานุกรม
  กลับหน้าหลัก

Brief Record : Get Marc (ISO 2709) : E-mail record : QR code < ปิดหน้าต่าง
LEADER : 00000nam 2200000uu 4500
001    13399112850
003     ULIB
008    110627s2545||||th 000 0 tha d
060  4 WY20^bจ322ป 2545
100 0  จารุณี วาระหัส
245 00 ปัจจัยที่มีอิทธิพลต่อผลการสอบประเมินความรู้ผู้ขอขึ้นทะเบียนเพื่อรับในอนุญาตเป็นผู้ประกอบวิชาชีพการพยาบาลและการผดุงครรภ์ชั้นหนึ่ง ครั้งที่ 1/2544 ของผู้สำเร็จการศึกษาจากวิทยาลัยพยาบาลบรมราชชนนี สงขลา/^cจารุณี วาระหัส
260    สงขลา :^bวิทยาลัยพยาบาลบรมราชชนนี สงขลา,^c2545
300    53 หน้า
650  7 วิทยาลัยพยาบาลบรมราชชนนี สงขลา
650  7 การสอบประเมินความรู้^xวิจัย
945    ^p0^l0^i027782
995    ทศพร
999 ^a ใช้งานได้ทุกระบบ
รายการนี้ยังไม่มีแท็ก
คุณยังไม่ได้ล็อกอิน คุณสามารถมีกิจกรรมร่วมกับเว็บไซต์ได้ แต่ต้องล็อกอินก่อน ::
  ล็อกอิน

รายการสื่อสารสนเทศ

ลำดับที่ ประเภท เลขเรียก/บาร์โค้ด สถานที่ สถานะ
- ไม่พบข้อมูล -

รายการใกล้เคียง
    ผู้แต่ง [จารุณี วาระหัส]

    หัวเรื่อง [วิทยาลัยพยาบาลบรมราชชนนี สงขลา]

BibComment


ยังไม่เคยถูกคอมเมนท์

คอมเมนท์ทรัพยากรรายการนี้
  คอมเมนท์: ปัจจัยที่มีอิทธิพ..


 Copyright 2026. Bcnsprnw @Library